000 00627nam a22001457a 4500
003 NUST
082 _a621.381628,PET
100 _aPettit, F.R.
_9104250
245 _aServiving transistor receivers /
_cF.R. Pettit,
260 _aNorman Price Publication
_bLondon
_c1963
300 _a96 p
505 _aTransistors (Page-9), Transistor receivers (Page-14), Test equipment (Page-29), Faults and fault finding (Page-34), Transistor D.C tests (Page-52), Receiver alignment and R.F. tests (Page-59), Testing transistors (Page-64), Transistor equivalents (Page-74).
650 _aServiving transistor
_9104251
942 _2ddc
_cBK
999 _c592607
_d592607